=LDR 00000nam 2200000 4500 =001 INLIS000000000034499 =005 20130612140414 =008 ***********************************ind** =035 ##$$0010-061300000034499 =041 ##$$a ind =082 ##$$a 372.803 =090 ##$$a 372.803, Irf k =100 ##$$a Irfadia =245 ##$$a Kamus pintar bergambar, Bumi/ Irfadia; Editor,Anky Darmawan, Agus Jakaria =260 ##$$a [20...] $b Bandung =300 ##$$a 36 hlm., Ilus., 25 cm =650 ##$$a Pendidikan Dasar Bumi - Kamus =700 ##$$a Darmawan, Anky =850 ##$$a NBPNMAT